Quiz Supernatural : Dean Winchester - Statistiques

Statistiques générales
  • Ce quiz a été pris 124 fois
  • Le résultat moyen est 19 sur 29
Statistiques - réponses
Question Réponse % Correct
Quels genre de faux-noms Dean s'invente t-il ? Des noms de rock-stars
86%
Pourquoi dean devient vieux, dans un épisode de la saison 5 ? Il a perdu des années de vie au poker
85%
Pourquoi Dean est le seul à pouvoir éviter de libérer Lucifer ? Parce que seul lui et ce qui le lie à Sam pourrait empêcher ce dernier de tuer Lilith
84%
D'après 'Dieu' et son destin, quelles principales missions a t-il ? Déclencher puis éviter l'apocalypse, être le 'véhicule' de St Michael
83%
De quelle femme a t-il 'peur' ? Helen
82%
Dans un épisode Dean fredonne une chanson de Metallica pour se détendre, se désangoisser. Mais de quoi a t-il peur ? De l'avion
81%
D'après Bella, où ils s'entendraient peut-être ? Au lit
80%
A la fin de la saison 1, Dean, Sam et John s'enfuit alors que John est possédé par Azazel. Comment Dean s'en rend-il compte ? John le félicite d'avoir utiliser le Colt, pour autre chose qu'Azazel
80%
Quelles blagues fait-l à Sam dans l'épisode ' A force de volonté' ? Il met une cueillère dans la bouche à sam pendant qu'il dort et le prend en photo / il lui met du poil à gratter dans le caleçon
79%
Au fur et à mesure des saisons, quel camps choisit-il ? Celui des humains
77%
Que pense Alastair sur Dean et sa façon de torturer des âmes lorrsqu'il était en enfer ? Que Dean était très prometteur
76%
D'où provient son collier ? Sam lui a offert quand ils étaient enfants
76%
Que fait Dean enfant ce soir de Noël ? Il va voler des cadeaux pour Sam
73%
Lorsqu'un Wendigo enlève Dean, que sème t'il pour que Sam ait une piste ? Des m&m's
72%
Où Dean emmène t-il Castiel, quand celui -çi lui dit qu'il risque de mourrir le lendemain ? Dans une maison close
69%
Lorsque Dean va au paradis, quel premier souvenir revit-il ? Un soir ou lui et Sam , enfants, avaient allumé des feux d'artifice dans un champs
69%
Sur quelle faiblesse de la relation entre lui et Sam la sirène joue t-elle ? Dean perd la foi et la confiance qu'il avait en Sam
68%
Quelles créatures déteste t-il particulièrement ? Les sorcières
68%
Avec quel objet met-il les méchants K. O à la fin de l'épisode 'Barraka' ? Une télécommande et un stylo
68%
D'après lui, et mis à part chasser le plus possible, quelles principales 'missions' a t-il ? Etre un bon fils et veiller sur Sam
65%
D'après le cavalier 'la famine', pourquoi il n'arrive pas à atteindre Dean ? Car Dean est comme déjà mort au fond de lui
57%
Que choisit-il toujours à 'pierre, papier, ciseaux' ? Ciseaux
56%
Quels traits de caratère typiques à Dean sont exagérés, dans l'épisode de leur première rencontre avec l'embrouilleur ? Dragueur, son goût pour la nourriture et l'alcool
54%
Comment Dean appelle t-il le fait d'être le réceptacle de L'archange St Michael ? Que St Michael veut se balader dans son slip et ses chaussettes
53%
John avait un entrepôt caché où il stockait de rares objets et des souvenirs, lequel concerne Dean ? Son premier canon scié
47%
Quel surnom Sam lui donne ? Dugland
46%
Dans l'épisode 'la légende d'Halloween', quel ordre dieu a t-il donné à Castiel et Uriel ? Suivre les ordres de Dean
46%
De quoi s'inspire le Djinn pour créer la petite amie de Dean ? La femme qui pose pour la pub de sa bière préférée
38%
Quelle soupe lui préparait sa mère ? Au riz et à la tomate
29%
Aucun quiz correspondant
Distribution des résultats
% des personnes avec chaque résultat
Percentile par nombre de réponses
Votre historique - résultats
Vous n’avez pas pris ce quiz